Služby distribučných kanálov s nábytkom z hľadiska slovenských spotrebiteľov

Služby spotrebiteľovi v oblasti distribúcie nábytku. Koncepčný prístup k vymedzeniu služieb distribučného kanála s nábytkom. Typológia služieb distribučných kanálov s nábytkom. Marketingový prieskum ponuky služieb v oblasti distribučných kanálov obchodu s nábytkom. Očakávania slovenských spotrebiteľ...

Descrizione completa

Salvato in:
Dettagli Bibliografici
Autore principale: Kita, Pavol
Natura: Capitolo di libro
Lingua:slovacco
Soggetti:
Tags: Aggiungi Tag
Nessun Tag, puoi essere il primo ad aggiungerne!!

MARC

LEADER 00000naa$a2200000$$$4500
001 0045744
005 20231107131714.5
041 0 |a slo 
044 |a SK 
245 1 0 |a Služby distribučných kanálov s nábytkom z hľadiska slovenských spotrebiteľov  |c Pavol Kita 
520 |a Služby spotrebiteľovi v oblasti distribúcie nábytku. Koncepčný prístup k vymedzeniu služieb distribučného kanála s nábytkom. Typológia služieb distribučných kanálov s nábytkom. Marketingový prieskum ponuky služieb v oblasti distribučných kanálov obchodu s nábytkom. Očakávania slovenských spotrebiteľov od služieb distribučného kanála. 
610 2 0 |a kanály distribučné 
610 2 0 |a distribúcia 
610 2 0 |a nábytok 
610 2 0 |a služby 
610 2 0 |a marketing 
610 2 0 |a spotrebitelia 
610 2 0 |a typológia 
610 2 0 |a Slovensko 
100 1 |a Kita, Pavol